000 00428nam a2200133Ia 4500
008 240719s9999 xx 000 0 und d
041 _aeng
082 _a153.35 HAR
100 _aHarrdas, Miliind
245 _aIdeas On Demand: A Crash Course On Creativity Bust Creativity Blocks 10x Your Ideas And Become An Idea Machine
260 _aUnited States
_c2021
300 _a229 P
520 _aFaculty Purchase By Dr. Senthil Kumar
999 _c41143
_d41143